Videojuegos ganadores del GOTY - Estadísticas

Estadísticas generales
  • Esta prueba ha sido intentada 250 veces
  • La puntuación promedio es 10 de 22
Estadísticas de respuestas
Año Desarrollador Distribuidor Nombre % Correcto
2018 Santa Monica Studio Sony Interactive Entertainment God of War
73%
2022 FromSoftware Bandai Namco Entertainment Elden Ring
67%
2013 Rockstar North Rockstar Games Grand Theft Auto V
67%
2020 Naughty Dog Sony Interactive Entertainment The Last of Us Part II
64%
2024 Team Asobi Sony Interactive Entertainment Astro Bot
62%
2016 Blizzard Entertainment Blizzard Entertainment Overwatch
62%
2010 Rockstar San Diego Rockstar Games Red Dead Redemption
58%
2017 Nintendo EPD Nintendo The Legend of Zelda: Breath of the Wild
55%
2015 CD Projekt Red CD Projekt The Witcher 3: Wild Hunt
49%
2004 Rockstar North Rockstar Games Grand Theft Auto: San Andreas
47%
2019 FromSoftware Activision Sekiro: Shadows Die Twice
46%
2023 Larian Studios Larian Studios Baldur's Gate III
45%
2008 Rockstar North Rockstar Games Grand Theft Auto IV
44%
2021 Hazelight Studios Electronic Arts It Takes Two
41%
2011 Bethesda Game Studios Bethesda Softworks The Elder Scrolls V: Skyrim
38%
2012 Telltale Games Telltale Games The Walking Dead
38%
2009 Naughty Dog Sony Computer Entertainment Uncharted 2: Among Thieves
38%
2005 Capcom Capcom Resident Evil 4
29%
2007 2K Boston / 2K Australia 2K Games BioShock
26%
2014 BioWare Electronic Arts Dragon Age: Inquisition
18%
2006 Bethesda Game Studios 2K Games / Bethesda Softworks The Elder Scrolls IV: Oblivion
16%
2003 EA Tiburon EA Sports Madden NFL 2004
7%
No se encontraron pruebas coincidentes
Distribución de puntuación
Porcentaje de gente con cada puntuación
Porcentaje por número respondido
Historial de tus puntuaciones
No has intentado esta prueba.